000 01152nam a22003738i 4500
999 _c2580
_d2580
001 023241404
003 UkOxU
005 20230721101423.0
008 210222s2020 enk 000|0|eng|d
015 _aGBC134569
_2bnb
020 _a9781108859035 (pbk.) :
035 _a(Uk)020122063
035 _a(StEdALDL)1/4021151
040 _aStDuBDS
_beng
_erda
_cStDuBDS
049 _aCROBAR
082 0 4 _a530.076 SAN
100 1 _aSang, David,
_eauthor.
245 1 0 _aCambridge international AS & A level physics;
_pCoursebook /
_cDavid Sang, Graham Jones, Gurinder Chadha, Richard Woodside.
250 _aThird edition.
263 _a202003
264 1 _aCambridge :
_bCambridge University Press,
_c2020.
300 _a1 volume ;
_c28 cm
336 _atext
_2rdacontent
337 _aunmediated
_2rdamedia
338 _avolume
_2rdacarrier
500 _aIncludes ebook access.
521 2 _aAS.
521 2 _aA-level.
650 0 _aPhysics
_vProblems, exercises, etc.
700 1 _aJones, Graham
_c(Writer on physics),
_eauthor.
700 1 0 _aChadha, Gurinder,
_d1957-
_eauthor.
700 1 _aWoodside, Richard,
_eauthor.
942 _2ddc
_cTR